Wild Animals A-Z - Statistics

General Stats
  • This quiz has been taken 85 times
  • The average score is 22 of 26
Answer Stats
Picture Hint Answer % Correct
C Cheetah
100%
E Elephant
98%
F Fox
98%
H Hyena
98%
L Lion
98%
M Monkey
98%
I Iguana
97%
K Kangaroo
97%
O Ostrich
97%
T Tiger
97%
W Wolf
97%
G Giraffe
95%
D Deer
94%
Z Zebra
94%
B Badger
91%
P Panther
91%
V Vulture
89%
J Jackal
86%
S Snow leopard
86%
R Rhinoceros
83%
Y Yak
83%
A Aardvark
77%
Q Quokka
70%
N Numbat
41%
U Uakari
38%
X Xenopus
29%
No matching quizzes found
Score Distribution
Percent of People with Each Score
Percentile by Number Answered
Your Score History
You have not taken this quiz